Aullidos en Andalucía (Record no. 69660)

MARC details
000 -LEADER
campo de control de longitud fija 00636nam a2200193 i 4500
001 - NÚMERO DE CONTROL
campo de control 69660
003 - IDENTIFICADOR DE NÚMERO DE CONTROL
campo de control ES-MaACL
005 - FECHA Y HORA DE LA ÚLTIMA TRANSACCIÓN
campo de control 20230906170554.0
007 - CAMPO FIJO DE DESCRIPCIÓN FÍSICA--INFORMACIÓN GENERAL
campo de control de longitud fija t|
008 - DATOS DE LONGITUD FIJA--INFORMACIÓN GENERAL
campo de control de longitud fija 040708s1979 sp ||||1| spa d
020 ## - NÚMERO INTERNACIONAL ESTÁNDAR DEL LIBRO
Número Internacional Estándar del Libro 84-300-1479-9
100 1# - ENTRADA PRINCIPAL--NOMBRE DE PERSONA
Nombre de persona García Fuentes, Antonio.
9 (RLIN) 54624
245 10 - MENCIÓN DEL TÍTULO
Título Aullidos en Andalucía
Resto del título : los lobos de Sierra Mágina /
Mención de responsabilidad, etc. Antonio García Fuentes ; [prólogo por Lorenzo Molina Gallego].
260 ## - PUBLICACIÓN, DISTRIBUCIÓN, ETC.
Lugar de publicación, distribución, etc. Jaén :
Nombre del editor, distribuidor, etc. Elinga,
Fecha de publicación, distribución, etc. 1979.
300 ## - DESCRIPCIÓN FÍSICA
Extensión VII, 238 p., 1 lám. ;
Dimensiones 22 cm.
700 1# - ENTRADA AGREGADA--NOMBRE PERSONAL
Nombre de persona Molina Gallego, Lorenzo.
9 (RLIN) 81937
852 ## - LOCALIZACIÓN
Ubicación ES-MaACL
Número de control de estantería L-7751
Sublocalización o colección R.106409
852 ## - LOCALIZACIÓN
Ubicación ES-MaACL
Número de control de estantería G-1740
Sublocalización o colección R.114565
Holdings
Estatus retirado Estado de pérdida Estado de daño No para préstamo Biblioteca de origen Biblioteca actual Ubicación en estantería Fecha de adquisición Fuente de adquisición Total de préstamos Signatura topográfica completa Código de barras Visto por última vez Precio de reemplazo Tipo de ítem Koha
        Biblioteca del Ateneo de Madrid Biblioteca del Ateneo de Madrid Depósito 2 17/01/2008     G-1740 1072941 23/02/2023 23/02/2023 Libro impreso
        Biblioteca del Ateneo de Madrid Biblioteca del Ateneo de Madrid Depósito 2 17/01/2008     L-7751 1072940 23/02/2023 23/02/2023 Libro impreso